000 00815nam1a22002171i 4500
001 rc\4125988
005 20240724152637.0
035 _a(NLR Aleph) 007983378
090 _a8533648
_c8533648
100 _a20130415d1950 |||y0rusy50 ca
101 0 _arus
102 _aRU
105 _a z |||||
200 1 _aНормы износа упрочненного режущего инструмента из быстрорежущей стали
_e(Проект)
_eВып. 1-
_fСССР. М-во трансп. машиностроения СССР. Гос. союз. проектно-технол. ин-т Оргтрансмаш
210 _aМосква
_cБ. и.
_d1950
215 _d31
300 _aЛитогр.
801 0 _aRU
_bNLR
_gpsbo
801 1 _aRU
_bELAR
_2rusmarc
852 _aNLR
_jТ36 Г-7/286
942 _cBOOK